Eyes Without a Face - Billy Idol Lyrics - Statistics

General Stats
  • This quiz has been taken 93 times
  • The average score is 169 of 256
Answer Stats
Lyrics % Correct
Eyes
100%
eyes
100%
face
100%
without
100%
a
98%
you
95%
you,
95%
I
93%
I'm
87%
on
87%
the
85%
To
85%
to
85%
your
85%
no
83%
all
82%
me
82%
of
80%
When
80%
human
78%
out
78%
you're
78%
You're
78%
do
75%
from
75%
it
75%
It
75%
so
73%
So
73%
go
72%
One
72%
time
72%
Don't
70%
don't
70%
home
70%
It's
70%
it's
70%
far
68%
tell
68%
Got
67%
phone
67%
was
67%
call
65%
grace
63%
more
63%
bring
62%
Could
62%
easy
60%
hope
60%
alone
58%
make
58%
much
58%
But
57%
makes
55%
what
55%
bad
53%
Now
53%
now
53%
sad
53%
spent
53%
alive
52%
dream
52%
For
52%
And
50%
and
50%
at
50%
Believing
48%
lies
48%
deceive
47%
fall
47%
mad
47%
keep
45%
tease
45%
get
43%
hard
43%
loving
43%
hear
40%
then
40%
release
38%
truth
38%
Into
37%
into
37%
my
33%
Say
33%
can
32%
music,
30%
down,
28%
Las
28%
Love
28%
Such
28%
wine
28%
by
27%
holy
27%
water
27%
prayers
25%
realize
25%
there
25%
thinkin'
25%
waste
25%
bus,
23%
trip
23%
Turning
23%
Vegas
23%
dip
22%
psychedelic
22%
books,
20%
hip
20%
someone
20%
stay
20%
tryin'
20%
car,
18%
Drinkin'
18%
Hanging
18%
I'd
18%
line
18%
murder
18%
Reading
18%
slip
18%
state
18%
why
18%
gone
17%
Steal
17%
else's
15%
once
15%
better
13%
close
13%
pocket
13%
gigolo
12%
wonder
12%
pool
10%
despise
7%
new
7%
getting
5%
worse
3%
No matching quizzes found
Score Distribution
Percent of People with Each Score
Percentile by Number Answered
Your Score History
You have not taken this quiz